[Event "11. Open de Calviá 2014 Aficionados"]
[Site "Calvia ESP"]
[Date "2014.10.12"]
[Round "9.1"]
[White "Longa Yauca, Javier"]
[Black "Hoyer, Jacob"]
[Result "1/2-1/2"]
[WhiteElo "2277"]
[BlackElo "2193"]
[PlyCount "28"]
[EventDate "2014.10.04"]
[EventType "swiss"]
[EventRounds "9"]
[EventCountry "ESP"]
[Source "lmi"]
[SourceDate "2014.10.04"]

1. d4 Nf6 2. Nf3 g6 3. g3 Bg7 4. Bg2 O-O 5. O-O d5 6. c4 dxc4 7. Nc3 c6 8. e4
Nbd7 9. a4 a5 10. Qe2 Nb6 11. Rd1 h6 12. Ne5 Be6 13. Be3 Qc7 14. f4 Nfd7
1/2-1/2

[Event "11. Open de Calviá 2014 Aficionados"]
[Site "Calvia ESP"]
[Date "2014.10.12"]
[Round "9.2"]
[White "Gavrish, Leonid"]
[Black "Sorm, Daniel"]
[Result "1/2-1/2"]
[WhiteElo "2217"]
[BlackElo "2315"]
[PlyCount "27"]
[EventDate "2014.10.04"]
[EventType "swiss"]
[EventRounds "9"]
[EventCountry "ESP"]
[Source "lmi"]
[SourceDate "2014.10.04"]

1. d4 Nf6 2. c4 e6 3. Nc3 Bb4 4. e3 O-O 5. Bd3 d5 6. cxd5 exd5 7. Nge2 Re8 8.
O-O Bd6 9. f3 c5 10. Nb5 Bf8 11. dxc5 Bxc5 12. Nbd4 Nc6 13. a3 Bd7 14. Kh1
1/2-1/2

[Event "11. Open de Calviá 2014 Aficionados"]
[Site "Calvia ESP"]
[Date "2014.10.12"]
[Round "9.3"]
[White "Gromovs, Sergejs"]
[Black "Spence, David J"]
[Result "1-0"]
[WhiteElo "2243"]
[BlackElo "2222"]
[PlyCount "37"]
[EventDate "2014.10.04"]
[EventType "swiss"]
[EventRounds "9"]
[EventCountry "ESP"]
[Source "lmi"]
[SourceDate "2014.10.04"]

1. d4 e6 2. c4 Nf6 3. Nf3 b6 4. a3 Ba6 5. Qc2 c5 6. e4 cxd4 7. e5 Ng8 8. Nxd4
Qc7 9. Bf4 Bc5 10. Nb5 Bxb5 11. cxb5 Bb4+ 12. Nc3 Bxc3+ 13. Qxc3 Qxc3+ 14. bxc3
a5 15. Be3 Ne7 16. Bxb6 Nd5 17. Bd4 O-O 18. c4 Nf4 19. g3 1-0

[Event "11. Open de Calviá 2014 Aficionados"]
[Site "Calvia ESP"]
[Date "2014.10.12"]
[Round "9.4"]
[White "Obers, Frits"]
[Black "Sokalsky, Alexander"]
[Result "1/2-1/2"]
[WhiteElo "2081"]
[BlackElo "2238"]
[PlyCount "27"]
[EventDate "2014.10.04"]
[EventType "swiss"]
[EventRounds "9"]
[EventCountry "ESP"]
[Source "lmi"]
[SourceDate "2014.10.04"]

1. c4 Nf6 2. g3 c6 3. Nf3 d5 4. b3 g6 5. Bb2 Bg7 6. Bg2 O-O 7. O-O Na6 8. cxd5
cxd5 9. d3 Bd7 10. Nbd2 Nb4 11. a3 Nc6 12. b4 e6 13. Nb3 Ne7 14. a4 1/2-1/2

[Event "11. Open de Calviá 2014 Aficionados"]
[Site "Calvia ESP"]
[Date "2014.10.12"]
[Round "9.5"]
[White "Planas Gene, Juan"]
[Black "Khouri, Ibrahim Mohamed"]
[Result "0-1"]
[WhiteElo "2050"]
[BlackElo "2191"]
[PlyCount "58"]
[EventDate "2014.10.04"]
[EventType "swiss"]
[EventRounds "9"]
[EventCountry "ESP"]
[Source "lmi"]
[SourceDate "2014.10.04"]

1. d4 Nf6 2. c4 e6 3. Nc3 Bb4 4. Qc2 O-O 5. a3 Bxc3+ 6. Qxc3 b6 7. Bg5 Bb7 8.
f3 h6 9. Bh4 d5 10. e3 Nbd7 11. Bd3 Rc8 12. c5 bxc5 13. dxc5 Ne4 14. Bxd8 Nxc3
15. Bh4 Nxc5 16. Bc2 g5 17. Bg3 Nb5 18. b4 Nd7 19. h4 Kg7 20. hxg5 hxg5 21. Rh5
Kf6 22. f4 Rh8 23. Rxg5 Rh1 24. Kf2 Nd6 25. Rd1 c5 26. e4 Ke7 27. exd5 cxb4 28.
Bb1 Nf6 29. Re1 Bxd5 0-1

[Event "11. Open de Calviá 2014 Aficionados"]
[Site "Calvia ESP"]
[Date "2014.10.12"]
[Round "9.9"]
[White "Alfven, Jorgen"]
[Black "Galiana Salom, Juan Ramon"]
[Result "0-1"]
[WhiteElo "1929"]
[BlackElo "2263"]
[PlyCount "64"]
[EventDate "2014.10.04"]
[EventType "swiss"]
[EventRounds "9"]
[EventCountry "ESP"]
[Source "lmi"]
[SourceDate "2014.10.04"]

1. d4 f5 2. g3 g6 3. Bg2 Bg7 4. Nf3 c6 5. c4 d6 6. Nc3 Nh6 7. O-O Nf7 8. b4 O-O
9. Qb3 e5 10. dxe5 dxe5 11. Rd1 Qf6 12. Bb2 Be6 13. b5 Nd7 14. Na4 Rfc8 15.
Rac1 cxb5 16. Qxb5 a6 17. Qa5 b6 18. Qe1 Ra7 19. c5 bxc5 20. Qa5 c4 21. Ne1 Qe7
22. Bd5 Bxd5 23. Rxd5 Qe6 24. Ba3 e4 25. Ng2 Rac7 26. Nf4 Qc6 27. Rcd1 c3 28.
Rc1 Be5 29. Rc2 Rb7 30. Nc5 Rb5 31. Qxa6 Nxc5 32. Qxc6 Rxc6 0-1

[Event "11. Open de Calviá 2014 Aficionados"]
[Site "Calvia ESP"]
[Date "2014.10.12"]
[Round "9.10"]
[White "Cerdo Fernandez, Miguel"]
[Black "Tscharotschkin, Michael"]
[Result "0-1"]
[WhiteElo "1911"]
[BlackElo "2144"]
[PlyCount "89"]
[EventDate "2014.10.04"]
[EventType "swiss"]
[EventRounds "9"]
[EventCountry "ESP"]
[Source "lmi"]
[SourceDate "2014.10.04"]

1. e4 e6 2. d4 d5 3. Nc3 Bb4 4. e5 c5 5. Bd2 Ne7 6. Nb5 Bxd2+ 7. Qxd2 O-O 8. f4
Nbc6 9. Nf3 a6 10. Nd6 cxd4 11. Nxd4 f6 12. Nxc8 Qxc8 13. exf6 Rxf6 14. Nf3 Qc7
15. g3 e5 16. Nxe5 Nxe5 17. fxe5 Qxe5+ 18. Be2 Qxb2 19. Rd1 Qxa2 20. Rf1 Qb2
21. Rxf6 Qxf6 22. Qe3 Rc8 23. c4 dxc4 24. Rd7 Nf5 25. Bxc4+ Rxc4 26. Qe8+ Qf8
27. Qe6+ Kh8 28. Qxf5 Qb4+ 29. Kf1 Rc8 30. Qd5 Rf8+ 31. Kg2 Qb2+ 32. Kh3 Qf6
33. Rxb7 h6 34. Ra7 Qf1+ 35. Kh4 Qf2 36. Qd6 Qxh2+ 37. Kg4 Qe2+ 38. Kh3 Qf1+
39. Kh4 Qh1+ 40. Kg4 Qf3+ 41. Kh3 Rf5 42. Qb8+ Rf8 43. Qc7 Qh1+ 44. Kg4 Qf3+
45. Kh3 0-1

[Event "11. Open de Calviá 2014 Aficionados"]
[Site "Calvia ESP"]
[Date "2014.10.12"]
[Round "9.11"]
[White "Stark, Ingo"]
[Black "Mansour, Abbas"]
[Result "1/2-1/2"]
[WhiteElo "2128"]
[BlackElo "1891"]
[PlyCount "46"]
[EventDate "2014.10.04"]
[EventType "swiss"]
[EventRounds "9"]
[EventCountry "ESP"]
[Source "lmi"]
[SourceDate "2014.10.04"]

1. e4 e5 2. Nf3 Nc6 3. Bb5 Nf6 4. O-O Bc5 5. c3 O-O 6. d4 Bb6 7. dxe5 Nxe4 8.
Qd5 Nc5 9. Bf4 a6 10. Bc4 d6 11. Na3 Be6 12. Qd1 d5 13. Bd3 Nxd3 14. Qxd3 Ne7
15. Nc2 Qd7 16. Be3 Bf5 17. Qe2 Bxc2 18. Bxb6 Be4 19. Bc5 Ng6 20. h3 Rfe8 21.
Bd4 Bxf3 22. Qxf3 Nxe5 23. Qg3 Ng6 1/2-1/2

[Event "11. Open de Calviá 2014 Aficionados"]
[Site "Calvia ESP"]
[Date "2014.10.12"]
[Round "9.12"]
[White "Nettleton, Charlie B"]
[Black "Gaitan Moyano, Juan"]
[Result "1/2-1/2"]
[WhiteElo "1899"]
[BlackElo "2015"]
[PlyCount "39"]
[EventDate "2014.10.04"]
[EventType "swiss"]
[EventRounds "9"]
[EventCountry "ESP"]
[Source "lmi"]
[SourceDate "2014.10.04"]

1. e4 c5 2. d3 d6 3. Nd2 Nf6 4. g3 g6 5. Bg2 Bg7 6. Ngf3 Nc6 7. O-O O-O 8. Re1
e5 9. Nf1 h6 10. a3 Bg4 11. Ne3 Be6 12. c4 Kh7 13. Nd5 Qd7 14. Rb1 Bg4 15. Qa4
Rfd8 16. Kh1 Bh3 17. Ng1 Bxg2+ 18. Kxg2 Qg4 19. Qd1 Qd7 20. Qa4 1/2-1/2

[Event "11. Open de Calviá 2014 Aficionados"]
[Site "Calvia ESP"]
[Date "2014.10.12"]
[Round "9.13"]
[White "Hoenick, Andreas"]
[Black "Birkestrand, Odd"]
[Result "1-0"]
[WhiteElo "2141"]
[BlackElo "1830"]
[PlyCount "51"]
[EventDate "2014.10.04"]
[EventType "swiss"]
[EventRounds "9"]
[EventCountry "ESP"]
[Source "lmi"]
[SourceDate "2014.10.04"]

1. d4 Nf6 2. c4 c5 3. d5 b5 4. cxb5 a6 5. bxa6 g6 6. Nc3 Bxa6 7. e4 Bxf1 8.
Kxf1 d6 9. Nf3 Nbd7 10. g3 Bg7 11. Kg2 O-O 12. a4 Qb6 13. Qe2 Rfb8 14. Nb5 Ng4
15. Nd2 h5 16. h3 Nh6 17. Nc4 Qd8 18. g4 Nxg4 19. hxg4 Rxb5 20. gxh5 gxh5 21.
Ra3 Rb4 22. Rg3 Kf8 23. Qxh5 Nf6 24. Qh8+ Bxh8 25. Rxh8+ Ng8 26. Rgxg8# 1-0

[Event "11. Open de Calviá 2014 Aficionados"]
[Site "Calvia ESP"]
[Date "2014.10.12"]
[Round "9.14"]
[White "Miranda Gonzalez, Jose Luis"]
[Black "Al Khouri, Ismaeil E"]
[Result "1/2-1/2"]
[WhiteElo "1905"]
[BlackElo "2094"]
[PlyCount "30"]
[EventDate "2014.10.04"]
[EventType "swiss"]
[EventRounds "9"]
[EventCountry "ESP"]
[Source "lmi"]
[SourceDate "2014.10.04"]

1. e4 e5 2. Nf3 d6 3. d4 Nd7 4. Nc3 c6 5. a4 Be7 6. Bc4 Ngf6 7. O-O O-O 8. Bb3
a5 9. Bg5 exd4 10. Qxd4 Nc5 11. Nd2 Nxb3 12. Nxb3 h6 13. Bh4 g5 14. Bg3 Nh5 15.
Rad1 Nxg3 1/2-1/2

[Event "11. Open de Calviá 2014 Aficionados"]
[Site "Calvia ESP"]
[Date "2014.10.12"]
[Round "9.16"]
[White "Melich, Jindrich"]
[Black "Zayed, Ali Al-Hamed"]
[Result "1/2-1/2"]
[WhiteElo "2084"]
[BlackElo "1984"]
[PlyCount "40"]
[EventDate "2014.10.04"]
[EventType "swiss"]
[EventRounds "9"]
[EventCountry "ESP"]
[Source "lmi"]
[SourceDate "2014.10.04"]

1. b4 e5 2. Bb2 Bxb4 3. Bxe5 Nf6 4. c4 O-O 5. Nf3 d5 6. e3 c5 7. cxd5 Nxd5 8.
Be2 Nd7 9. Bb2 Re8 10. O-O Qe7 11. Qc2 N7f6 12. Nc3 Nxc3 13. dxc3 Ba5 14. Rfd1
Bd7 15. c4 Bc7 16. Bxf6 Qxf6 17. Bd3 g6 18. Be4 Bc6 19. Bxc6 Qxc6 20. Rab1 Rad8
1/2-1/2

[Event "11. Open de Calviá 2014 Aficionados"]
[Site "Calvia ESP"]
[Date "2014.10.12"]
[Round "9.19"]
[White "Ruprich, Udo"]
[Black "Dugailliez, Guy"]
[Result "0-1"]
[WhiteElo "1960"]
[BlackElo "1958"]
[PlyCount "88"]
[EventDate "2014.10.04"]
[EventType "swiss"]
[EventRounds "9"]
[EventCountry "ESP"]
[Source "lmi"]
[SourceDate "2014.10.04"]

1. e4 Nf6 2. e5 Nd5 3. Nf3 g6 4. Bc4 Nb6 5. Bb3 Bg7 6. d4 O-O 7. O-O d6 8. exd6
cxd6 9. h3 d5 10. Nc3 Nc6 11. Re1 Bf5 12. Bf4 Rc8 13. Qd2 Re8 14. Rad1 Na5 15.
g4 Nac4 16. Qc1 Be6 17. Ne2 Qd7 18. Nh2 Nd6 19. Ng3 Rc6 20. Re2 a5 21. c3 a4
22. Bc2 a3 23. b3 Nb5 24. Bd2 Rec8 25. Be1 Nxc3 26. Bxc3 Rxc3 27. Qb1 Qc7 28.
Bxg6 hxg6 29. Rxe6 fxe6 30. Qxg6 Rxg3+ 31. fxg3 Qxg3+ 32. Kh1 Qe3 33. g5 Qe4+
34. Qxe4 dxe4 35. Re1 Bxd4 36. Rxe4 e5 37. Ng4 Rc1+ 38. Kg2 Rc2+ 39. Kg3 Rxa2
40. Nxe5 Bxe5+ 41. Rxe5 Rb2 42. Ra5 a2 43. Kg4 Nd5 44. Kf5 Kg7 0-1

[Event "11. Open de Calviá 2014 Aficionados"]
[Site "Calvia ESP"]
[Date "2014.10.12"]
[Round "9.21"]
[White "Orcera Gomez, Francisco"]
[Black "Navarrete Terrasa, Sebastian"]
[Result "0-1"]
[WhiteElo "1745"]
[BlackElo "2019"]
[PlyCount "58"]
[EventDate "2014.10.04"]
[EventType "swiss"]
[EventRounds "9"]
[EventCountry "ESP"]
[Source "lmi"]
[SourceDate "2014.10.04"]

1. Nf3 Nf6 2. c4 g6 3. Nc3 d5 4. cxd5 Nxd5 5. Nxd5 Qxd5 6. g3 Nc6 7. Bg2 Bg4 8.
O-O O-O-O 9. Qa4 h5 10. d3 Qd7 11. b4 Bg7 12. Rb1 Kb8 13. Be3 Nd4 14. Qd1 Nxf3+
15. exf3 Bf5 16. f4 Bxd3 17. Qf3 Qc8 18. Rb3 Bxf1 19. Bxa7+ Kxa7 20. Bxf1 Qd7
21. Ra3+ Kb8 22. Ra5 Bd4 23. Qa3 c6 24. b5 Bb6 25. bxc6 Qxc6 26. Ra8+ Kc7 27.
Qxe7+ Qd7 28. Qe5+ Qd6 29. Qc3+ Qc5 0-1

[Event "11. Open de Calviá 2014 Aficionados"]
[Site "Calvia ESP"]
[Date "2014.10.12"]
[Round "9.23"]
[White "Juan Mas, Santiago"]
[Black "Nicholson, John"]
[Result "0-1"]
[WhiteElo "2007"]
[BlackElo "1781"]
[PlyCount "36"]
[EventDate "2014.10.04"]
[EventType "swiss"]
[EventRounds "9"]
[EventCountry "ESP"]
[Source "lmi"]
[SourceDate "2014.10.04"]

1. Nf3 d5 2. g3 Nf6 3. Bg2 c5 4. O-O Nc6 5. d3 e5 6. Nbd2 e4 7. Ne1 h5 8. c4 h4
9. cxd5 Qxd5 10. Nxe4 Nxe4 11. Bxe4 Qh5 12. Bf3 Bg4 13. Bxg4 Qxg4 14. f3 Qh3
15. g4 Bd6 16. Rf2 O-O-O 17. Qa4 Bg3 18. Bf4 Rd4 0-1

[Event "11. Open de Calviá 2014 Aficionados"]
[Site "Calvia ESP"]
[Date "2014.10.12"]
[Round "9.25"]
[White "Cemborain Oricain, Alfonso"]
[Black "Hudson, Jeremy"]
[Result "1-0"]
[WhiteElo "1896"]
[BlackElo "1639"]
[PlyCount "45"]
[EventDate "2014.10.04"]
[EventType "swiss"]
[EventRounds "9"]
[EventCountry "ESP"]
[Source "lmi"]
[SourceDate "2014.10.04"]

1. e4 c5 2. c3 Nc6 3. d4 cxd4 4. cxd4 d5 5. exd5 Qxd5 6. Nf3 e6 7. Nc3 Qd8 8.
Bc4 Bb4 9. O-O Bxc3 10. bxc3 Nge7 11. Bd3 Qa5 12. Bd2 Qa3 13. Qe2 Bd7 14. Ne5
Nxe5 15. Qxe5 f6 16. Qg3 Kf7 17. Rfe1 Rac8 18. Re2 Nf5 19. Qh3 g6 20. Rae1 h5
21. c4 Rhe8 22. Bxf5 Qxa2 23. Bd3 1-0

[Event "11. Open de Calviá 2014 Aficionados"]
[Site "Calvia ESP"]
[Date "2014.10.12"]
[Round "9.27"]
[White "Lim, Mark"]
[Black "Lichii, Elizaveta"]
[Result "1-0"]
[WhiteElo "1869"]
[BlackElo "1593"]
[PlyCount "67"]
[EventDate "2014.10.04"]
[EventType "swiss"]
[EventRounds "9"]
[EventCountry "ESP"]
[Source "lmi"]
[SourceDate "2014.10.04"]

1. Nf3 Nf6 2. c4 e6 3. g3 b6 4. Bg2 Bb7 5. O-O d6 6. Nc3 Be7 7. Re1 c5 8. e4
Nbd7 9. d4 cxd4 10. Nxd4 Rc8 11. e5 dxe5 12. Bxb7 Rc7 13. Nc6 Rxc6 14. Bxc6 O-O
15. Bg5 h6 16. Bxf6 Nxf6 17. Qxd8 Rxd8 18. Rad1 Rc8 19. Bb5 Bc5 20. Ne4 Nxe4
21. Rxe4 Bd4 22. b3 Ra8 23. Kf1 a6 24. Bc6 Rb8 25. f4 f6 26. Bd7 Kf8 27. Bxe6
Re8 28. Bf5 Kf7 29. Bg6+ Kxg6 30. Rdxd4 h5 31. Rd6 Kf5 32. Re2 Re6 33. Rxe6
Kxe6 34. Kf2 1-0

[Event "11. Open de Calviá 2014 Aficionados"]
[Site "Calvia ESP"]
[Date "2014.10.12"]
[Round "9.29"]
[White "Busom Ferrer, Manuel"]
[Black "Andreu Lopez, Santiago"]
[Result "0-1"]
[WhiteElo "1738"]
[BlackElo "1939"]
[PlyCount "54"]
[EventDate "2014.10.04"]
[EventType "swiss"]
[EventRounds "9"]
[EventCountry "ESP"]
[Source "lmi"]
[SourceDate "2014.10.04"]

1. e4 c5 2. Nf3 e6 3. d4 cxd4 4. Nxd4 a6 5. Bd3 Nc6 6. Be3 Nf6 7. a4 d5 8. Nxc6
bxc6 9. Nd2 Rb8 10. Qe2 d4 11. Bf4 Rxb2 12. O-O Be7 13. Nc4 Rb4 14. Ne5 Qb6 15.
a5 Qc5 16. Bxa6 O-O 17. Bxc8 Rxc8 18. Qa6 Rbb8 19. Nd3 Qb5 20. Qxb5 Rxb5 21. a6
Nd7 22. Rfb1 Rxb1+ 23. Rxb1 Ra8 24. Rb7 Rxa6 25. Rxd7 Ra1+ 26. Nc1 Kf8 27. Rxd4
e5 0-1